| 000 | 00662nam a2200289Ia 4500 | ||
|---|---|---|---|
| 005 | 20260324134455.0 | ||
| 008 | 008 260324s9999 xx 000 0 eng d | ||
| 020 | _a9781315028026 | ||
| 037 | _aEBOOK | ||
| 040 | _aCRL | ||
| 040 | _beng | ||
| 040 | _cCRL | ||
| 041 | _2eng | ||
| 041 | _aeng | ||
| 084 | _qCRL | ||
| 100 |
_aSteve Smith _91196951 |
||
| 245 | 2 | _aA Road Is Made | |
| 245 | 0 | _bCommunism in Shanghai 1920-1927 | |
| 260 | _bTaylor and Francis | ||
| 260 | _c2001 | ||
| 365 | _a | ||
| 365 | _b300 | ||
| 856 | _uhttp://www.taylorfrancis.com/books/9781315028026 | ||
| 942 | _cEBOOK | ||
| 999 |
_c1797095 _d1797095 |
||